000 00584nam a2200229Ia 4500
003 OSt
005 20220918174511.0
006 a|||||r|||| 00| 0
007 ta
008 220917b |||||||| |||| 00| 0 eng d
024 _a12,525
037 _cTextual
040 _aARTS
_cARTS
_beng
041 _2eng
_aeng
082 _aMY6.2MH, F5 UD
100 _aBurrard G.
_950705
245 0 _aBig game hunting in the Himalayas and Tibet
260 _c1925
650 _aINDUSTRIAL ARTS
942 _hMY6.2MH, F5 UD
_cTEXL
_2CC
999 _c153410
_d153410